| 000 | 01166nam a2200325 a 4500 | ||
|---|---|---|---|
| 001 | vtls000316325 | ||
| 003 | NLI | ||
| 005 | 20210602140158.0 | ||
| 008 | 101203s1969 enkcf 001 0beng | ||
| 020 | _cRs. 42.00 | ||
| 039 | 9 |
_y201012032148 _zVLOAD |
|
| 040 | 0 |
_aNLI _beng _cVERGIS-2010 _eAACR2 |
|
| 041 | 0 | _aeng | |
| 044 | _aenk | ||
| 082 | 0 | 4 | _a823.91 |
| 100 | 1 |
_aForster, E. M. _9104844 |
|
| 245 | 1 | 0 |
_aAspects of E. M. Forster : _bessays and recollections written for his ninetieth birthday, 1st January 1969 / _cedited by Oliver Stallybrass |
| 260 |
_aLondon : _bEdward Arnold, _c1969 |
||
| 300 |
_aviii, 195 p. : _bplate, port. ; _c23 cm. |
||
| 500 | _aLibrary has 2. cops. | ||
| 504 | _aIncludes bibliographical references and index | ||
| 600 | 1 | 0 |
_aForster, E. M. _q(Edward Morgan), _d1879-1970 |
| 650 | 0 |
_aNovelists, English _y20th century _xBiography _9173965 |
|
| 700 | 1 |
_aStallybrass, Oliver, _4edt _992411 |
|
| 887 | _a | ||
| 901 |
_a394731 _b04.03.1970 _9c.2 |
||
| 902 | _aE 823.91 St 18 | ||
| 999 |
_aVIRTUA40 _c273003 _d273003 |
||
| 942 |
_2ddc _cBKS |
||
| 999 | _aVTLSSORT0080*0200*0400*0410*0440*0820*1000*2450*2600*3000*5000*5040*6000*6500*7000*9010*9020*9490*9991 | ||